00877nam a2200169 4500008001000000020001800010082001500028100002900043245007200072260010400144300002200248505020600270650006200476700004200538999001500580952011200595069 P911m a9789874615473 a069bP911m aPreciado, Paul B. 96667 aMuseo apagado:bpornografía, arquitectura, neoliberalismo, museos aArgentinabMuseo de Arte Latinoamericano de Buenos Aires,bFundación Eduardo F. Constantinic2017 a61 p.c19 x 13 cm tPresentaciónrLucrecia PalaciostPrólogorJulieta MasacessetEnsayosrPaul B. PreciadotBasura y género. Mear / cagar. Masculino / femeninotMuseo, basura urbana y pornografíatEl museo apagado xMuseologíaxMuseoxteoría queerxgéneroxarte96668 aPalacio, Lucrecia (selección)96669 c1614d1614 00102ddc4070aLVbLVcPensamientod2018-09-13l0o069 P911mp002255r2018-09-13 00:00:00w2018-09-13y01